Mann's Pharmacovigilance / (Record no. 353246)
[ view plain ]
| 000 -LEADER | |
|---|---|
| fixed length control field | 00358nam a2200121Ia 4500 |
| 008 - FIXED-LENGTH DATA ELEMENTS--GENERAL INFORMATION | |
| fixed length control field | 180116s9999 xx 000 0 und d |
| 020 ## - INTERNATIONAL STANDARD BOOK NUMBER | |
| International Standard Book Number | 9780470671047 |
| 100 ## - MAIN ENTRY--PERSONAL NAME | |
| Personal name | Andrews, Elizabeth B. |
| 245 ## - TITLE STATEMENT | |
| Statement of responsibility, etc | Elizabeth B. Andrews, Nicholas Moore |
| Title | Mann's Pharmacovigilance / |
| 250 ## - EDITION STATEMENT | |
| Edition statement | 3rd ed |
| 260 ## - PUBLICATION, DISTRIBUTION, ETC. (IMPRINT) | |
| Place of publication, distribution, etc | UK |
| Name of publisher, distributor, etc | John Wiley & Sons, Ltd. |
| Date of publication, distribution, etc | 2014 |
| 300 ## - PHYSICAL DESCRIPTION | |
| Extent | 843 pages |
| Withdrawn status | Lost status | Damaged status | Home library | Current library | Shelving location | Date acquired | Source of acquisition | Total Checkouts | Full call number | Barcode | Date last seen | Price effective from | Koha item type |
|---|---|---|---|---|---|---|---|---|---|---|---|---|---|
| South SEED-LPDH College Library | South SEED-LPDH College Library | South SEED-LPDH College Section | 01/16/2018 | Library Fund | RM 302.5 .P536 2014 | SSLC1629 | 05/15/2018 | 01/16/2018 | Books |